000 00608cam a2200205 4500500
005 20260329002806.0
041 _afre
042 _adc
100 1 0 _aDuru, Martin
_eauthor
245 0 0 _aJacques Attali : « Diderot est un modèle d’avenir »
260 _c2013.
500 _a36
690 _aAttali
690 _aAvenir
690 _aDiderot
690 _aLiberté
690 _aModernité
786 0 _nPhilosophie magazine | 73 | 10 | 2013-10-01 | p. 48-49 | 1951-1787
856 4 1 _uhttps://shs.cairn.info/magazine-philosophie-magazine-2013-10-page-48?lang=fr&redirect-ssocas=7080
999 _c1818408
_d1818408